<?xml version="1.0" encoding="UTF-8"?>
<marc:record xmlns:marc="http://www.loc.gov/MARC21/slim">
   <marc:leader>00000nam a2200000 a 4500</marc:leader>
   <marc:datafield ind1="1" ind2=" " tag="100">
      <marc:subfield code="a">Sawatzki, Andrea</marc:subfield>
      <marc:subfield code="4">aut</marc:subfield>
      <marc:subfield code="e">Verfasser/-in</marc:subfield>
   </marc:datafield>
   <marc:datafield ind1="1" ind2=" " tag="100">
      <marc:subfield code="a">Halmer, Günther Maria</marc:subfield>
   </marc:datafield>
   <marc:datafield ind1="1" ind2=" " tag="100">
      <marc:subfield code="a">Milberg, Axel</marc:subfield>
   </marc:datafield>
   <marc:datafield ind1="1" ind2=" " tag="100">
      <marc:subfield code="a">Sawatzki, Andrea</marc:subfield>
   </marc:datafield>
   <marc:datafield ind1="0" ind2="0" tag="245">
      <marc:subfield code="a">Von Erholung war nie die Rede</marc:subfield>
   </marc:datafield>
   <marc:datafield ind1="0" ind2="0" tag="245">
      <marc:subfield code="c">Andrea Sawatzki</marc:subfield>
   </marc:datafield>
   <marc:datafield ind1=" " ind2="1" tag="264">
      <marc:subfield code="a">Hamburg</marc:subfield>
      <marc:subfield code="b">Studio Hamburg Enterprises GmbH</marc:subfield>
      <marc:subfield code="c">2017</marc:subfield>
   </marc:datafield>
   <marc:datafield ind1="1" ind2=" " tag="520">
      <marc:subfield code="a">Gundula und ihr Mann Gerald reisen mit den Kindern für eine Woche nach Mallorca - noch dazu umsonst, denn Geralds Mutter Susanne hat zur Eröffnung ihrer neuen Wäscheboutique eingeladen. Aber die erhofften Ferien werden schnell zum Albtraum: Neben einem dreisten Taschendieb und dem gesperrten Strand sorgen dafür die Eskapaden von Gundulas demenzkrankem Vater Edgar und ihrem Bruder Hadi mit seinen esoterischen Selbsthilfe-Büchern. Die besagte Boutique erweist sich als renovierungsbedürftig, und das überraschende Auftauchen von Gundulas Mutter macht das Familienchaos perfekt. Ein Glück für Gundula, dass ihr einziger Vertrauter, Nachbar Herr Mussorkski, ebenfalls auf Mallorca weilt. (Verl.txt)</marc:subfield>
   </marc:datafield>
   <marc:datafield ind1=" " ind2=" " tag="020">
      <marc:subfield code="a">4052912772557</marc:subfield>
      <marc:subfield code="9">4052912772557</marc:subfield>
   </marc:datafield>
   <marc:datafield ind1=" " ind2=" " tag="500">
      <marc:subfield code="a">Ab 12 Jahren</marc:subfield>
   </marc:datafield>
   <marc:datafield ind1="0" ind2=" " tag="490">
      <marc:subfield code="v">0</marc:subfield>
   </marc:datafield>
   <marc:datafield ind1=" " ind2=" " tag="542">
      <marc:subfield code="d">Naefe, Vivian</marc:subfield>
   </marc:datafield>
   <marc:datafield ind1=" " ind2=" " tag="300">
      <marc:subfield code="a">90 Min.</marc:subfield>
   </marc:datafield>
</marc:record>
